Enciclopédia de educação infantil (Registo nº 4249)

Detalhes MARC
000 -Etiqueta do registo
Cabeçalho 00953cam a2200289 4500
005 - Identificador da versão
Campo de controlo 20240813122056.0
095 ## -
-- PTBN00963106
010 ## - Número internacional normalizado dos livros (ISBN)
Número (ISBN) 9728193130
100 ## - Dados gerais de processamento
Dados gerais de processamento 19980302g19979999m y0pory5003 ba
102 ## - Pais de publicação ou produção
País de publicação Portugal
101 1# - Língua de publicação
Língua do texto, banda sonora, etc. Português
Língua do documento no original Espanhol
106 ## - Campo de dados codificados: material textual
Dados codificados do material textual r
105 ## - Campo de dados codificados: livros
Dados codificados dos livros a z 001yy
215 ## - Descrição física 
Indicação específica da natureza do documento e extensão da espécie v.
Outras indicações físicas il.
Dimensões 27 cm
200 1# - Titulo e menção de responsabilidade
Título próprio Enciclopédia de educação infantil
Informação de outro título recursos para o desenvolvimento do currículo escolar
Primeira menção de responsabilidade dir. Sérgio Sánchez Cerezo
Outras menções de responsabilidade ed. Pilar Gil Fernández
-- trad. Albertine Santos
210 ## - Publicação, Distribuição, etc. 
Lugar da edição, distribuição, etc. Rio de Mouro
Nome do editor, distribuidor, etc. Nova Presença
Data da publicação, distribuição, etc. cop. 1997-
320 ## - Nota relativa a bibliografia e índices internos 
Texto da nota Contém bibliografia
606 ## - Nome comum usado como assunto
Número de registo de entrada de autoridade 0000939
Palavra de ordem Crianças
Subdivisão de assunto Educação
-- [Enciclopédias]
Código do sistema SIPOR
675 ## - Classificação Decimal Universal (CDU)
Notação 37-053.2(031)
Edição BN
Língua da edição por
702 #1 - Nome de autor-pessoa física (responsabilidade secundária)
Número de registo de entrada de autoridade 0000941
Palavra de ordem Santos
Outra parte do nome não tomada para palavra de ordem Albertine
Código de função Tradutor
Número de registo de entrada de autoridade 0000942
Palavra de ordem Gil Fernandez
Outra parte do nome não tomada para palavra de ordem Pilar
Código de função Editor literário / Coordenador
Número de registo de entrada de autoridade 0000943
Palavra de ordem Sánchez Cerezo
Outra parte do nome não tomada para palavra de ordem Sergio
Código de função Diretor / Director teatral / Realizador
942 ## - Elementos de entrada adicionados (Koha)
Tipo de item no Koha Livro
Exemplares
Situação do levantamento Origin of item (home branch) (coded) Biblioteca de empréstimo Código de barras Cota Circulation type (not for loan) Tipo de documento Nota do exemplar Damaged status
  Biblioteca Escolar das Vendas Biblioteca Escolar das Vendas BEV1199 3PED ENC   Livro Sem mensagem  
  Biblioteca Escolar das Vendas Biblioteca Escolar das Vendas BEV1200 3PED ENC   Livro Sem mensagem  
  Biblioteca Escolar das Vendas Biblioteca Escolar das Vendas BEV1201 3PED ENC   Livro Sem mensagem  
  Biblioteca Escolar das Vendas Biblioteca Escolar das Vendas BEV1202 3PED ENC   Livro Sem mensagem  
  Biblioteca Escolar das Vendas Biblioteca Escolar das Vendas BEV1203 3PED ENC   Livro Sem mensagem  
  Biblioteca Escolar das Vendas Biblioteca Escolar das Vendas BEV1204 3PED ENC   Livro Sem mensagem